| 000 | 01085pam a2200301 i 4500 | ||
|---|---|---|---|
| 001 | 019173715 | ||
| 003 | EG-ScBUE | ||
| 005 | 20220221111509.0 | ||
| 008 | 181207s2019 enka f b 001 0 eng d | ||
| 020 | _a9781108427562 | ||
| 040 |
_aStDuBDS _beng _erda _cStDuBDS _dUk _dEG-ScBUE |
||
| 082 | 0 | 4 |
_a621.3827 _222 _bPAP |
| 100 | 1 |
_aPapen, George, _eauthor. |
|
| 245 | 1 | 0 |
_aLightwave communications / _cGeorge Papen, University of California, San Diego, Richard E. Blahut, University of Illinois, Urbana-Champaign. |
| 264 | 1 |
_aCambridge : _bCambridge University Press, _c2019. |
|
| 300 |
_axxxvii, 935 pages : _billustrations (black and white) ; _c26 cm |
||
| 336 |
_atext _2rdacontent _btxt |
||
| 336 |
_astill image _2rdacontent _btxt |
||
| 337 |
_aunmediated _2rdamedia _bn |
||
| 338 |
_avolume _2rdacarrier _bnc |
||
| 504 | _aIncludes bibliographical references and index. | ||
| 650 | 7 |
_aOptical communications. _2BUEsh |
|
| 653 |
_bENGGEN _cFebruary2022 |
||
| 655 |
_vReading book _934232 |
||
| 700 | 1 |
_aBlahut, Richard E., _eauthor. |
|
| 942 |
_2ddc _cBB |
||
| 999 |
_c29797 _d29768 |
||